Top 10 das 500 Mais da Kiss FM (2003-2025) - Statistics

Estatísticas Gerais
  • Esse quiz foi jogado 71 vezes
    9 desde o último reset
  • A pontuação média é 12 de 56
Estatísticas das Respostas
Resposta % Correto
Queen - Bohemian Rhapsody
89%
Led Zeppelin - Stairway to Heaven
67%
The Beatles - Hey Jude
67%
Black Sabbath - Paranoid
56%
Guns N' Roses - Sweet Child O' Mine
56%
Pearl Jam - Black
56%
The Rolling Stones - (I Can't Get No) Satisfaction
56%
Black Sabbath - Iron Man
44%
Iron Maiden - Fear of the Dark
44%
Metallica - Enter Sandman
44%
The Beatles - Help!
44%
AC/DC - Back in Black
33%
Deep Purple - Smoke on the Water
33%
Metallica - One
33%
Pink Floyd - The Happiest Days of Our Lives / Another Brick in the Wall, Pt. 2
33%
AC/DC - Thunderstruck
22%
AC/DC - TNT
22%
Aerosmith - Dream On
22%
Dire Straits - Sultans of Swing
22%
Eagles - Hotel California
22%
Elvis Presley - Jailhouse Rock
22%
Iron Maiden - The Number of the Beast
22%
Iron Maiden - The Trooper
22%
Kiss - Rock and Roll All Nite
22%
Led Zeppelin - Rock and Roll
22%
Metallica - Master of Puppets
22%
Pink Floyd - Wish You Were Here
22%
Queen - We Are the Champions
22%
The Doors - Light My Fire
22%
Creedence Clearwater Revival - Have You Ever Seen the Rain
11%
Eric Clapton - Cocaine
11%
Jethro Tull - Aqualung
11%
Pink Floyd - Comfortably Numb
11%
Rush - Tom Sawyer
11%
The Jimi Hendrix Experience - Foxy Lady
11%
The Who - Baba O'Riley
11%
Van Halen - Jump
11%
AC/DC - Money Talks
0%
AC/DC - Rock 'n' Roll Train
0%
AC/DC - You Shook Me All Night Long
0%
Bob Dylan - Hurricane
0%
Deep Purple - Burn
0%
Focus - Hocus Pocus
0%
Iron Maiden - Can I Play with Madness
0%
Kiss - Detroit Rock City
0%
Led Zeppelin - Kashmir
0%
Ozzy Osbourne - Mama, I'm Coming Home
0%
Pink Floyd - Mother
0%
Rainbow - Stargazer
0%
Ramones - Pet Sematary
0%
The Beatles - Helter Skelter
0%
The Beatles - Love Me Do
0%
The Beatles - Twist and Shout
0%
The Rolling Stones - Gimme Shelter
0%
The Rolling Stones - It's Only Rock 'n' Roll
0%
Titãs - Lugar Nenhum
0%
Nenhum quiz correspondente encontrado
Distribuição das Pontuações
Porcentagem de Pessoas com Cada Pontuação
Percentil de Números Respondidos
Sua Pontuação Histórica
Você não jogou esse quiz desde o último reset